000 00726nam a2200157Ia 4500
008 100122s9999 xx 000 0 und d
082 _b71867
_a149.3
100 _aअंडरहिल इव्हिलिन
245 _aसाक्षात्कारशास्त्र अनु- चंद्रकला हाटे
260 _bपॉप्युलर प्रकाशन
_c1966
300 _a551
630 _aसाक्षात्कारशास्त्र अनु- चंद्रकला हाटे
700 _aहाटे चंद्रकला
730 _aसाक्षात्कारशास्त्र अनु- चंद्रकला हाटे
942 _cBOOK
999 _c442304
_d442301